000 00422nam a2200145 i 4500
001 65134
003 ES-MaACL
007 t|
008 040109s1927 au ||||1| ger d
100 1 _aFranz, R.
_952359
245 1 4 _aDie gonorrhoe des weibes
_b: ein lehrbuch für arzte und studierender /
_cvon R. Franz.
260 _aWien :
_bJulius Springer,
_c1927.
300 _aVIII, 194 p. ;
_c24 cm.
852 _aES-MaACL
_jB-6170
999 _c65134
_d65134